| 000 | 03183nam a2200205Ia 4500 | ||
|---|---|---|---|
| 003 | OSt | ||
| 005 | 20250806120044.0 | ||
| 008 | 210210b2019 xxu||||| |||| 00| 0 eng d | ||
| 040 | _cAL | ||
| 041 | _aKannada/Tulu | ||
| 082 | _aT494.5 KOTT | ||
| 100 |
_aKOTRAYYA (I M) _dಕೊಟ್ರಯ್ಯ (ಐ ಎಂ) _9234228 |
||
| 245 |
_aTulu vyakarana: alankara, chandassu, prabandha, patralekhana arthagrahana bokka anuvada _bತುಳು ವ್ಯಾಕರಣ: ಅಲಂಕಾರ, ಛಂದಸ್ಸು, ಪ್ರಬಂಧ, ಪತ್ರಲೇಖನ ಅರ್ಥಗ್ರಹಣ ಬೊಕ್ಕ ಅನುವಾದ |
||
| 260 |
_aMangaluru _bKarnataka Tulu Sahitya Academy _c2019 |
||
| 300 | _a144 | ||
| 520 | _aಐನ್ ದ್ರಾವಿಡ ಬಾಸೆಲೆಡ್ ತುಳುಲಾ ಒಂಜಿ. ತುಳುಬಾಸೆಗ್ ಸುಮಾರ್ 2500 ವರ್ಸೊದ ಇತಿಹಾಸೊ ಉಂಡು. ಎಚ್ಚಿನ ತುಳುಸಾಹಿತ್ಯೋಲು ಪಾತೆರ್ಪಿ ಬಾಸೆ ಆದೇ ಇತ್ತ್ಂಡ್. ಅವು ಬರವುಡು ತೋಜಿದ್ ಬತ್ತನೆ 170 ವರ್ಸೊಲ್ಡ್ ಇಂಚಿಗ್. ಅವುಲಾ ಬಾಸೆಲ್ ಮಿಷನರಿ ದಕುಲು ತುಳುನಾಡ್ಗ್ ಬತ್ತದ್ ತುಳುಕ್ಕೊಂಜಿ ಬರವುದ ಒರುನು ಕೊರಿಬೊಕ್ಕನೆ. ಇಂಚ ಪಾತೆರ್ಪಿ ಬಾಸೆಡೇ ಇತ್ತಿನ ತುಳು ಬರವುದ ಬಾಸೆಯಾದ್ ಬನ್ನಗ ಮಾತ ಬಾಸೆದಲೆಕ್ಕೊನೆ ಅಯಿಕ್ಕಲಾ ಒಂಜಿ ವ್ಯಾಕರಣೆ ಬೋಡು. 150 ವರ್ಸೊಲ್ಡ್ ಐನ್ ತುಳು ವ್ಯಾಕರಣೆ ಬೂಕುಲು ಪ್ರಕಟ ಆತ್ಂಡ್. ಅಯಿಟ್ ಒಂಜೆಟ್ಲಾ ಪೂರಾ ವ್ಯಾಕರಣ ವಿಷಯೊಲೆನ್ ವಿವರಿಸಾದಿಜೆರ್. ಕೊರ್ತಿನ ಕೆಲವು ಇಸಯೊಲೆನ್ಲಾ ಒರಿಯೊರಿ ಅಕುಲು ತೆರಿಲೆಕ್ಕೊ ಬರೆತೆರ್. ಒಂಜಿ ಬೂಕುಡ್ಲಾ ಏಕತಾನತೆ ಇಜ್ಜಿ, ದಕ್ಷಿಣ ಕನ್ನಡ, ಉಡುಪಿ ಜಿಲ್ಲೆಲೆನ ಶಾಲೆಲೆಡ್ ತುಳುಬಾಸೆನ್ 3ನೇ ಬಾಸೆಯಾದ್ ಕಲ್ಪಾವೊಂದುಲ್ಲೆರ್. ಮಂಗಳೂರು ವಿಶ್ವವಿದ್ಯಾನಿಲಯದಕ್ಷು ತುಳು ಎಂ.ಎ. ಪದವಿ ತರಗತಿನ್ ಸುರುಮಲ್ಪೆರ್. ಅಯಿತ ಪಠ್ಯಡ್ಲಾ ಪೂರ್ತಿ ವ್ಯಾಕರಣೆ ಇಸಯೊಲಿಜ್ಜಿ. ಉಂದು ಬಾರಿ ಬೇಜಾರ್ದ ಸಂಗತಿ. ಸಂವಿಧಾನೊಡು ತುಳುಬಾಸೆ ಸ್ಥಾನ ಪಡೆಯೊಡಾಂಡ ತುಳು ಒಂಜಿ ಶಿಷ್ಟಬಾಸೆ ಆದ್ ಬುಳೆಪುನ ಅಗತ್ಯ ಉಂಡು. ತುಳು ಶಿಷ್ಟಬಾಸೆ ಆವೋಡಾಂಡ ಅಯಿಕ್ ವ್ಯಾಕರಣ ಅಗತ್ಯ ಬೋಡು. | ||
| 690 |
_aTulu Grammar _9234238 |
||
| 906 | _a074313 | ||
| 942 |
_2ddc _cBK |
||
| 999 |
_c124108 _d124108 |
||